000 00850nam a2200217 i 4500
001 bg
100 1 _aDWORAK, Lechosław B.
245 1 0 _aNiektóre metody badawcze biomechaniki i ich zastosowania w sporcie, medycynie i ergonomii.
_nCz. 1 /
_cLechosław B. Dworak ; Akademia Wychowania Fizycznego im. Eugeniusza Piaseckiego w Poznaniu.
260 _aPoznań :
_bAWF,
_c1991.
300 _a90 s. :
_brys., wykr. ;
_c24 cm.
490 1 _aMonografie, Podręczniki, Skrypty AWF w Poznaniu. Skrypty,
_x0137-9755 ;
_vnr 91
504 _aBibliogr. s. 76-83. - Summ.
650 9 _aBiomechanika
_xmetody
655 _aPodręczniki akademickie
830 0 _aMonografie, Podręczniki, Skrypty AWF w Poznaniu.
_pSkrypty ;
_vnr 91
040 _cBPK
041 0 _apl
_ben
080 _a612.7(075.8)
942 _cKS
008 s pl f |000 0 pol
999 _c32685
_d32685
856 _uhttp://koha.tu.koszalin.pl/cgi-bin/koha/opac-detail.pl?biblionumber=32685
_yKatalog online BPK